Mehrsprachige Filmcharaktere - Statistiken

Allgemein
  • Dieses Quiz wurde 73 mal gespielt
  • Das Durchschnittsergebnis liegt bei 13 aus 28
Antwortstatistiken
Bildquiz Hint Antwort % Korrekt
6 Millionen Sprachen C-3PO
84%
Westron, Valarin, Elbisch Gandalf
84%
Basic, Huttisch, Sith, Jawa-Handelssprech (nur im Kanon), Meese Caulf (nur im Kanon) Anakin Skywalker
82%
Englisch, Latein, Hindi, Punjabi, Malaiisch, Spanisch (etwas), Portugiesisch (etwas) Hulk / Bruce Banner
82%
Englisch, Französisch, Spanisch, Portugiesisch, Italienisch, Russisch, Deutsch, Japanisch, Mandarin, Kantonesisch, Griechisch James Bond
82%
Basic, Huttisch, Jawa-Handelssprech (nur in Legends), Shyriiwook (nur in Legends), Yuzz (nur in Legends) Luke Skywalker
80%
Basic, Shyriiwook, Rodianisch, Huttisch, Illodisch (nur in Legends), Mandaba (etwas, nur in Legends) Han Solo
72%
Englisch, Französisch, Spanisch, Italienisch, Latein, Dari Iron Man / Tony Stark
72%
Russisch, Englisch, Französisch, Deutsch, Italienisch, Latein, Norwegisch, Chinesisch, Vietnamesisch +mehr Black Widow / Natasha Romanoff
70%
alle menschliche Sprachen Wonder Woman / Diana Prince
66%
Basic, Sith, Huttisch, Twi'leki Darth Maul
62%
Basic, Ithorianisch, Mon Calamari, Gran, Gunganisch, High Galactic, Rodianisch (bis auf Basic alle nur in Legends) Padmé Amidala
57%
Westron, Sindarin, Quenya Aragorn II.
56%
Englisch, Französisch, Arabisch Falcon / Sam Wilson
46%
Englisch, Rumänisch, Russisch, Xhosa Winter Soldier / Bucky Barnes
46%
Westron, Sindarin, Quenya, Silvan-Elbisch Galadriel
41%
Englisch, Französisch, Spanisch, Italienisch, Russisch, Tschechisch, Polnisch, Deutsch Jason Bourne / David Webb
39%
Englisch, Französisch, Spanisch, Deutsch, Vietnamesisch Mystique / Raven Darkholme
39%
Westron, Sindarin, Quenya Elrond
36%
Deutsch, Englisch, Französisch, Italienisch Hans Landa
34%
Englisch, Russisch, Deutsch Peggy Carter
30%
Mandarin, Englisch, +2 weitere Xu Shang-Chi
21%
Englisch, Japanisch, Mandarin (etwas), Kantonesisch (etwas), Spanisch (etwas) Beatrix Kiddo
20%
Englisch, Französisch, Spanisch, Latein, Japanisch, Koreanisch Howard Stark
18%
Sokovisch, Russisch, Deutsch, Englisch Baron Helmut J. Zemo
16%
alle menschliche Sprachen Antiope
2%
alle menschliche Sprachen Hippolyta
2%
alle menschliche Sprachen Asteria
0%
Keine übereinstimmenden Quizze gefunden
Verteilung der Resultate
Anzahl Personen mit jedem Resultat
Perzentil nach korrekt beantworteten Fragen
Ihre Resultats-Entwicklung
Sie haben dieses Quiz noch nicht gespielt